| 000 | 00488nam a2200169Ia 4500 | ||
|---|---|---|---|
| 008 | 220216s9999 xx 000 0 und d | ||
| 100 | _aTani J I | ||
| 245 | 0 | _aPhotocondustive properties of silicone-based polymers | |
| 260 | _bProceedings of the International Rubber Conference, Kobe, Japan, 1995; p637-640 | ||
| 650 | _aSilicon-based polymers | ||
| 700 | _aKakimoto M | ||
| 700 | _aKojima H | ||
| 700 | _aNishimura A | ||
| 700 | _aUeno H | ||
| 700 | _aYamaguchi Y | ||
| 942 | _cJS | ||
| 999 |
_c64902 _d64902 |
||